Progresívne trendy bankového controllingu v súčasnosti

Systém controllingu v bankovníctve. Transformácia bankového systému. Podstatný vplyv zahraničného kapitálu v slovenských bankách. Zbližovanie systému vyhodnocovania ekonomickej výkonnosti. Adaptácia metodológie controllingu. Controlling - dvodimenzionálny nástroj riadenia v banke. Zhrnutie existujú...

Ausführliche Beschreibung

Gespeichert in:
Bibliographische Detailangaben
1. Verfasser: Dubcová, Gabriela, 1968-
Format: Buchkapitel
Sprache:Slowakisch
Schlagworte:
Tags: Tag hinzufügen
Keine Tags, Fügen Sie das erste Tag hinzu!

MARC

LEADER 00000naa$a2200000$$$4500
001 0015153
005 20240502071401.3
041 0 |a slo 
044 |a SK 
245 1 0 |a Progresívne trendy bankového controllingu v súčasnosti  |c Gabriela Dubcová 
520 |a Systém controllingu v bankovníctve. Transformácia bankového systému. Podstatný vplyv zahraničného kapitálu v slovenských bankách. Zbližovanie systému vyhodnocovania ekonomickej výkonnosti. Adaptácia metodológie controllingu. Controlling - dvodimenzionálny nástroj riadenia v banke. Zhrnutie existujúcich a očakávaných trendov vývoja controllingu v bankovom sektore. 
610 2 0 |a kontroling 
610 2 0 |a bankovníctvo 
610 2 0 |a banky 
610 2 0 |a nástroje riadenia 
610 2 0 |a metodológia 
100 1 |a Dubcová, Gabriela, 1968-